| 000 | 00474nam a22001937a 4500 | ||
|---|---|---|---|
| 003 | OSt | ||
| 005 | 20190204165321.0 | ||
| 008 | 180320b xxu||||| |||| 00| 0 eng d | ||
| 020 | _a8123907907 | ||
| 040 | _cBT-PhCST | ||
| 050 | _a14564 | ||
| 082 |
_222 _a621.3 _bSHA |
||
| 100 | _aSharma, D. K. | ||
| 245 | _aViva voce in electrical engineering / | ||
| 250 | _aNA | ||
| 260 |
_aNew Delhi, _bCBS, _cc2011. |
||
| 300 |
_aviii,326 p. ; _bill. ; _c24 cm. |
||
| 942 |
_2ddc _cEE _010 |
||
| 999 |
_c3630 _d3630 |
||